Accounting for non-accounting students. (Record no. 6734)

MARC details
005 - DATE AND TIME OF LATEST TRANSACTION
control field 20250716104434.0
020 ## - INTERNATIONAL STANDARD BOOK NUMBER
International Standard Book Number 978-0-273-72297-7
082 ## - DEWEY DECIMAL CLASSIFICATION NUMBER
Classification number 657 DYS
100 ## - MAIN ENTRY--PERSONAL NAME
Author name DYSON,J.R.
245 ## - TITLE STATEMENT
Title Accounting for non-accounting students.
250 ## - EDITION STATEMENT
Edition statement 8th Ed.
260 ## - PUBLICATION, DISTRIBUTION, ETC.
Place of publication, distribution, etc. Edinburgh Gate,
Name of publisher, distributor, etc. Pearson Education Limited,
Date of publication, distribution, etc. 2010.
300 ## - PHYSICAL DESCRIPTION
Extent xx,519p.:ill.figures
Other physical details Appendix and Index
Dimensions 27Cm
942 ## - ADDED ENTRY ELEMENTS (KOHA)
Source of classification or shelving scheme Dewey Decimal Classification
Koha item type Books
Holdings
Date last seen Total checkouts Full call number Barcode Cost, replacement price Price effective from Koha item type Lost status Source of classification or shelving scheme Damaged status Not for loan Withdrawn status Home library Current library Shelving location Date acquired Source of acquisition Cost, normal purchase price
07/16/2025   657 DYS MZA0003147 120000.00 07/16/2025 Books   Dewey Decimal Classification       CBE Mwanza CBE Mwanza General Collection 06/27/2025 Donation from NBAA 40000.00
07/16/2025   657 DYS MZA0003148 120000.00 07/16/2025 Books   Dewey Decimal Classification       CBE Mwanza CBE Mwanza General Collection 06/27/2025 Donation from NBAA 40000.00
07/16/2025   657 DYS MZA0003149 120000.00 07/16/2025 Books   Dewey Decimal Classification       CBE Mwanza CBE Mwanza General Collection 06/27/2025 Donation from NBAA 40000.00
07/16/2025   657 DYS MZA0003150 120000.00 07/16/2025 Books   Dewey Decimal Classification       CBE Mwanza CBE Mwanza General Collection 06/27/2025 Donation from NBAA 40000.00